[Event "Titled Tuesday intern op 23rd May Early"]
[Site "Chess.com INT"]
[Date "2023.05.23"]
[Round "3"]
[White "Averjanov, Alexey"]
[Black "Doluhanova, Evgeniya"]
[Result "1/2-1/2"]
[WhiteElo "2399"]
[BlackElo "2275"]
[PlyCount "132"]
[EventDate "2023.05.23"]
[EventType "swiss (blitz)"]
[EventRounds "11"]
[EventCountry "USA"]
[SourceTitle "CBM 214 Extra"]
[Source "ChessBase"]
[SourceDate "2023.07.31"]
[SourceVersion "1"]
[SourceVersionDate "2023.07.31"]
[SourceQuality "1"]

1. d4 Nf6 2. c4 e6 3. Nf3 b6 4. g3 Bb7 5. Bg2 Be7 6. 0-0 0-0 7. b3 d5 8. Nbd2 Nbd7 9. Bb2 c5 10. e3 Rc8 11. Rc1 dxc4 12. Nxc4 cxd4 13. Nxd4 Bxg2 14. Kxg2 Nc5 15. Qe2 Qd7 16. Rfd1 Qb7+ 17. Qf3 Qxf3+ 18. Kxf3 Rfd8 19. Ke2 Nd5 20. Ne5 Bf6 21. Ndf3 Kf8 22. Bd4 Ke8 23. Rc4 Ne4 24. Rdc1 Rxc4 25. Rxc4 Nd6 26. Rc1 Rc8 27. Rxc8+ Nxc8 28. a3 Be7 29. a4 Nb4 30. Nd3 Nxd3 31. Kxd3 f6 32. Nd2 Kd7 33. Nc4 Nd6 34. Nxd6 Bxd6 35. e4 e5 36. Bc3 Bc5 37. f3 Kc6 38. h3 a6 39. g4 b5 40. Bd2 g6 41. Be1 Bb6 42. Bh4 g5 43. Be1 Bc5 44. h4 h6 45. h5 Kb6 46. Bd2 Bd6 47. Be3+ Bc5 48. Bd2 Bd6 49. Bc3 Bc5 50. Be1 Bd6 51. axb5 axb5 52. Bc3 Bc5 53. Bd2 Bd6 54. Be3+ Bc5 55. Bc1 Bd6 56. Bb2 Bc5 57. Bc3 Bd6 58. Bd2 Bc5 59. Be1 Bd6 60. Kc3 Bc5 61. Bd2 Bd4+ 62. Kd3 Bc5 63. Bc1 Bd6 64. Bb2 Bc5 65. Bc3 Bd6 66. Bd2 Bc5 1/2-1/2

[Event "Titled Tuesday intern op 23rd May Early"]
[Site "Chess.com INT"]
[Date "2023.05.23"]
[Round "9"]
[White "Averjanov, Alexey"]
[Black "Durarbayli, Vasif"]
[Result "1/2-1/2"]
[WhiteElo "2399"]
[BlackElo "2627"]
[PlyCount "125"]
[EventDate "2023.05.23"]
[EventType "swiss (blitz)"]
[EventRounds "11"]
[EventCountry "USA"]
[SourceTitle "CBM 214 Extra"]
[Source "ChessBase"]
[SourceDate "2023.07.31"]
[SourceVersion "1"]
[SourceVersionDate "2023.07.31"]
[SourceQuality "1"]

1. d4 Nf6 2. c4 e6 3. Nf3 b6 4. g3 Bb7 5. Bg2 Be7 6. 0-0 0-0 7. b3 c5 8. Bb2 cxd4 9. Nxd4 Bxg2 10. Kxg2 d5 11. cxd5 Qxd5+ 12. Nf3 Qb7 13. e3 Nc6 14. Qe2 Rfd8 15. Nbd2 Nb4 16. Kg1 Rac8 17. a3 Nd3 18. Bd4 Nc5 19. Rac1 Nd5 20. Rc2 Nd7 21. Rxc8 Rxc8 22. b4 h6 23. Nb3 Nc3 24. Bxc3 Rxc3 25. Nfd2 Ne5 26. Rc1 Qc6 27. Qd1 Rxc1 28. Qxc1 Qd7 29. Qc2 f5 30. Nd4 Bf6 31. N2f3 Nf7 32. Qc4 e5 33. Qc6 Qxc6 34. Nxc6 a6 35. Nb8 a5 36. bxa5 bxa5 37. a4 e4 38. Nd2 Nd6 39. Nc6 Bc3 40. Nb3 Kf7 41. Nbxa5 Ke6 42. Nb3 Kd5 43. Ncd4 Kc4 44. Kg2 Kb4 45. a5 Bxd4 46. Nxd4 Kxa5 47. Ne6 g6 48. Nf8 g5 49. Ne6 Kb6 50. h3 Kc6 51. g4 Kd5 52. gxf5 Nxf5 53. Nd8 Nd6 54. f3 h5 55. fxe4+ Kxe4 56. Kf2 Kd5 57. Kf3 Ke5 58. e4 Nxe4 59. Nf7+ Kf5 60. Nh6+ Ke5 61. Nf7+ Kf5 62. Nh6+ Ke5 63. Nf7+ 1/2-1/2

[Event "Titled Tuesday intern op 23rd May Early"]
[Site "Chess.com INT"]
[Date "2023.05.23"]
[Round "2"]
[White "Averjanov, Alexey"]
[Black "Sukandar, Irine Kharisma"]
[Result "1-0"]
[WhiteElo "2399"]
[BlackElo "2390"]
[PlyCount "189"]
[EventDate "2023.05.23"]
[EventType "swiss (blitz)"]
[EventRounds "11"]
[EventCountry "USA"]
[SourceTitle "CBM 214 Extra"]
[Source "ChessBase"]
[SourceDate "2023.07.31"]
[SourceVersion "1"]
[SourceVersionDate "2023.07.31"]
[SourceQuality "1"]

1. d4 d5 2. c4 e6 3. Nf3 Nf6 4. e3 b6 5. Nbd2 Bd6 6. Bd3 0-0 7. 0-0 Bb7 8. Qe2 Nbd7 9. e4 dxe4 10. Nxe4 Nxe4 11. Bxe4 Bxe4 12. Qxe4 Qe7 13. b3 e5 14. dxe5 Nxe5 15. Bb2 Nxf3+ 16. Qxf3 Qh4 17. g3 Qg5 18. Rfe1 Rae8 19. Re2 Rxe2 20. Qxe2 h5 21. Re1 h4 22. Kg2 Rd8 23. Qe4 hxg3 24. hxg3 a5 25. Rh1 Qg6 26. Qh4 f6 27. Qh8+ Kf7 28. Qxd8 Qe4+ 29. Kg1 Qb1+ 30. Bc1 Qxc1+ 31. Kg2 Qc2 32. Qd7+ Kg6 33. Qe8+ Kf5 34. Re1 Kg5 35. Qe3+ Kg6 36. Qe4+ Qxe4+ 37. Rxe4 Kf5 38. Re2 g5 39. f3 g4 40. fxg4+ Kxg4 41. Re4+ Kf5 42. Kf3 Bxg3 43. Re8 Be5 44. Rc8 Bd6 45. a3 Be5 46. b4 axb4 47. axb4 Bd6 48. b5 Be5 49. Ke3 Bd6 50. Rh8 Ke6 51. Ke4 Bc5 52. Rh6 Bd6 53. Rg6 Be5 54. Rh6 Bd6 55. Rh5 Be5 56. Rf5 Bd6 57. Rd5 Be5 58. Kf3 Bd6 59. Kg4 Be5 60. Kh5 Bd6 61. Kg6 Be5 62. Rd3 Bd6 63. Rd5 Be5 64. Rd8 Bd6 65. Re8+ Kd7 66. Kf7 Be5 67. Re6 Bd4 68. Rc6 Be5 69. Re6 Bd4 70. Rc6 Be5 71. Kg6 Bd4 72. Kf5 Be5 73. Ke4 Bc3 74. Kd5 Be5 75. Re6 Bc3 76. Re2 Be5 77. Rg2 Bc3 78. Rg7+ Kd8 79. Kc6 Be5 80. Rf7 Ke8 81. Rh7 Kd8 82. Rg7 Ke8 83. Kd5 Kf8 84. Rd7 Ke8 85. Ke6 Kf8 86. Rd8+ Kg7 87. Rd3 Kg6 88. Rd5 Kg5 89. Rxe5+ fxe5 90. Kxe5 Kg4 91. Kd5 Kf4 92. Kc6 Ke4 93. Kxc7 Kd4 94. Kxb6 Kxc4 95. Kc6 1-0

[Event "Titled Tuesday intern op 23rd May Early"]
[Site "Chess.com INT"]
[Date "2023.05.23"]
[Round "10"]
[White "Drygalov, Andrey"]
[Black "Averjanov, Alexey"]
[Result "1-0"]
[WhiteElo "2484"]
[BlackElo "2399"]
[PlyCount "120"]
[EventDate "2023.05.23"]
[EventType "swiss (blitz)"]
[EventRounds "11"]
[EventCountry "USA"]
[SourceTitle "CBM 214 Extra"]
[Source "ChessBase"]
[SourceDate "2023.07.31"]
[SourceVersion "1"]
[SourceVersionDate "2023.07.31"]
[SourceQuality "1"]

1. e4 c6 2. Nf3 d5 3. d3 Qc7 4. exd5 cxd5 5. c4 Nf6 6. Nc3 e6 7. a3 Be7 8. g3 a6 9. Bf4 Qd8 10. Bg2 0-0 11. 0-0 b6 12. cxd5 Nxd5 13. Nxd5 exd5 14. Ne5 Bb7 15. Rc1 f6 16. Ng4 Bd6 17. Bxd6 Qxd6 18. Ne3 Nd7 19. Nf5 Qe5 20. Qg4 g6 21. Nh6+ Kg7 22. Qxd7+ Kxh6 23. Qxb7 Qxb2 24. Rc7 Rh8 25. Qxd5 Rad8 26. Qf3 Qe5 27. Rc6 Kg7 28. Rxb6 Rd7 29. Rb7 Rhd8 30. Qc6 Re7 31. Rxe7+ Qxe7 32. Qxa6 h5 33. h4 g5 34. hxg5 fxg5 35. Qc4 h4 36. Qe4 Qf6 37. Re1 Rd7 38. Qe5 hxg3 39. Qxf6+ Kxf6 40. fxg3 Rxd3 41. Rf1+ Kg7 42. Rf3 Rd1+ 43. Bf1 Ra1 44. Rd3 Kf6 45. Kf2 Ke5 46. Be2 Ra2 47. Rb3 Ra1 48. Ke3 Rg1 49. Rb5+ Kf6 50. Kf2 Ra1 51. Rb3 Ke5 52. Kf3 Kf6 53. Kg4 Ra2 54. Bc4 Rc2 55. Rf3+ Kg7 56. Bb3 Rc5 57. Rf5 Rc3 58. Rxg5+ Kh6 59. Rb5 Rc5 60. Rxc5 Kg7 1-0

[Event "Titled Tuesday intern op 16th May Late"]
[Site "Chess.com INT"]
[Date "2023.05.16"]
[Round "8"]
[White "Adla, Diego Gustavo"]
[Black "Averjanov, Alexey"]
[Result "1/2-1/2"]
[WhiteElo "2383"]
[BlackElo "2399"]
[PlyCount "142"]
[EventDate "2023.05.16"]
[EventType "swiss (blitz)"]
[EventRounds "11"]
[EventCountry "USA"]
[SourceTitle "CBM 214 Extra"]
[Source "ChessBase"]
[SourceDate "2023.07.31"]
[SourceVersion "1"]
[SourceVersionDate "2023.07.31"]
[SourceQuality "1"]

1. c4 c5 2. Nf3 Nc6 3. d4 cxd4 4. Nxd4 g6 5. e4 Bg7 6. Be3 d6 7. Nc3 Nf6 8. Be2 Bd7 9. 0-0 0-0 10. h3 Nxd4 11. Bxd4 Bc6 12. Qc2 Rc8 13. b4 a6 14. a4 a5 15. b5 Bd7 16. Rad1 Qc7 17. Bxf6 exf6 18. Nd5 Qd8 19. Bg4 Be6 20. Qd3 Re8 21. Ne3 Bf8 22. f4 Qc7 23. Bxe6 fxe6 24. f5 Bg7 25. fxe6 Rxe6 26. Qd5 Rce8 27. Nf5 Qc5+ 28. Qxc5 dxc5 29. Ng3 h5 30. h4 b6 31. Rd7 R8e7 32. Rfd1 Bh6 33. Rxe7 Rxe7 34. Kf2 Bf4 35. Rd3 Bxg3+ 36. Rxg3 Rxe4 37. Rxg6+ Kf7 38. Rh6 Rxh4 39. Rh7+ Ke6 40. Rb7 Rxc4 41. Rxb6+ Ke5 42. Rc6 f5 43. b6 Kd5 44. Rf6 Rxa4 45. Rxf5+ Kc6 46. Rxh5 Kxb6 47. Rh8 Rg4 48. Kf3 Rg7 49. Rb8+ Kc6 50. g4 c4 51. Kf4 Kc5 52. g5 c3 53. Ra8 Kb4 54. Rb8+ Ka3 55. Rc8 Kb2 56. Rb8+ Ka3 57. Rc8 Kb2 58. Rb8+ Kc1 59. Ra8 c2 60. Rxa5 Rc7 61. Ra2 Kd1 62. Rxc2 Kxc2 63. Kf5 Kd3 64. g6 Kd4 65. Kf6 Rc6+ 66. Kf7 Ke5 67. g7 Rc7+ 68. Kg6 Rc6+ 69. Kf7 Rc7+ 70. Kg6 Rc8 71. Kf7 Rc7+ 1/2-1/2

[Event "Titled Tuesday intern op 16th May Late"]
[Site "Chess.com INT"]
[Date "2023.05.16"]
[Round "7"]
[White "Averjanov, Alexey"]
[Black "Spitzl, Vinzent"]
[Result "1/2-1/2"]
[WhiteElo "2399"]
[BlackElo "2365"]
[PlyCount "81"]
[EventDate "2023.05.16"]
[EventType "swiss (blitz)"]
[EventRounds "11"]
[EventCountry "USA"]
[SourceTitle "CBM 214 Extra"]
[Source "ChessBase"]
[SourceDate "2023.07.31"]
[SourceVersion "1"]
[SourceVersionDate "2023.07.31"]
[SourceQuality "1"]

1. d4 Nf6 2. c4 e6 3. Nf3 d5 4. e3 Be7 5. Nbd2 0-0 6. Bd3 b6 7. 0-0 Bb7 8. Qe2 Nbd7 9. e4 dxe4 10. Nxe4 Nxe4 11. Bxe4 Bxe4 12. Qxe4 Nf6 13. Qe2 c5 14. Rd1 Qc7 15. b3 Rfd8 16. Bb2 cxd4 17. Nxd4 Qb7 18. Rd3 Qe4 19. Re3 Qg4 20. Qxg4 Nxg4 21. Rg3 h5 22. Nc6 Bd6 23. Nxd8 Bxg3 24. hxg3 Rxd8 25. Bc3 Rd3 26. Rc1 Nf6 27. Kf1 Ne4 28. Be1 f6 29. Ke2 Rd7 30. f3 Nc5 31. Rd1 Rxd1 32. Kxd1 Kf7 33. Kc2 e5 34. b4 Nd7 35. Kd3 Ke6 36. Bf2 g5 37. a3 Kd6 38. Be3 Ke6 39. Bf2 Kd6 40. Be3 Ke6 41. Bf2 1/2-1/2

[Event "Titled Tuesday intern op 16th May Early"]
[Site "Chess.com INT"]
[Date "2023.05.16"]
[Round "9"]
[White "Averjanov, Alexey"]
[Black "Tasev, Dejan"]
[Result "1-0"]
[WhiteElo "2399"]
[BlackElo "2205"]
[PlyCount "81"]
[EventDate "2023.05.16"]
[EventType "swiss (blitz)"]
[EventRounds "11"]
[EventCountry "USA"]
[SourceTitle "CBM 214 Extra"]
[Source "ChessBase"]
[SourceDate "2023.07.31"]
[SourceVersion "1"]
[SourceVersionDate "2023.07.31"]
[SourceQuality "1"]

1. d4 Nf6 2. c4 g6 3. Nc3 Bg7 4. e4 d6 5. Be2 0-0 6. Nf3 e5 7. 0-0 Nc6 8. d5 Ne7 9. Ne1 Ne8 10. Be3 f5 11. f3 f4 12. Bf2 g5 13. c5 Ng6 14. a4 Rf7 15. a5 Bf8 16. cxd6 cxd6 17. Nb5 a6 18. Na3 h5 19. Nc4 Nf6 20. Nb6 Rb8 21. Rc1 g4 22. Nxc8 Rxc8 23. Bb6 Qe8 24. Rxc8 Qxc8 25. Qc2 Qd7 26. Nd3 Rg7 27. Rc1 gxf3 28. Bxf3 Nh4 29. Ne1 Nxf3+ 30. Nxf3 Qg4 31. Kh1 Nxe4 32. Nxe5 Qf5 33. Nf3 Qxd5 34. Rd1 Qf5 35. Qc4+ Kh8 36. Bd4 Kh7 37. Bxg7 Nf2+ 38. Kg1 Nxd1 39. Bxf8 Qxf8 40. Qd3+ Kh6 41. Qxd1 1-0

[Event "Titled Tuesday intern op 16th May Early"]
[Site "Chess.com INT"]
[Date "2023.05.16"]
[Round "5"]
[White "Ibarra Jerez, Jose Carlos"]
[Black "Averjanov, Alexey"]
[Result "1-0"]
[WhiteElo "2563"]
[BlackElo "2399"]
[PlyCount "115"]
[EventDate "2023.05.16"]
[EventType "swiss (blitz)"]
[EventRounds "11"]
[EventCountry "USA"]
[SourceTitle "CBM 214 Extra"]
[Source "ChessBase"]
[SourceDate "2023.07.31"]
[SourceVersion "1"]
[SourceVersionDate "2023.07.31"]
[SourceQuality "1"]

1. e4 c6 2. Nf3 d5 3. d3 Qc7 4. exd5 cxd5 5. c4 Nf6 6. Nc3 e6 7. a3 a6 8. Qe2 Be7 9. g3 0-0 10. Bg2 Nc6 11. 0-0 Rd8 12. Bf4 Bd6 13. Bg5 Be7 14. Rac1 dxc4 15. dxc4 Bd7 16. b4 Be8 17. c5 b6 18. Bf4 Qa7 19. cxb6 Qxb6 20. Be3 Qb8 21. Rfe1 Nd5 22. Nxd5 exd5 23. Nd4 Nxd4 24. Bxd4 Bf8 25. Bc5 Bb5 26. Qd2 Bc4 27. Bxf8 Kxf8 28. Red1 Qb5 29. Qd4 a5 30. bxa5 Qxa5 31. Rc3 Rac8 32. Re3 Re8 33. Rc3 Qc5 34. Qf4 Kg8 35. Bxd5 Qxd5 36. Rxd5 Bxd5 37. Rxc8 Rxc8 38. h4 Ra8 39. Qb4 h5 40. f4 g6 41. a4 Rc8 42. a5 Rc1+ 43. Kf2 Rc2+ 44. Ke3 Rg2 45. Kd4 Be6 46. Qb8+ Kg7 47. Qe5+ Kh7 48. Qe3 Ra2 49. Qc3 Ra4+ 50. Ke5 Kg7 51. Kd6+ Kh7 52. Ke7 Kg8 53. Qc7 Kg7 54. Qe5+ Kg8 55. Qb8+ Kg7 56. Qf8+ Kh7 57. Kf6 Rxa5 58. Qg7# 1-0

[Event "Titled Tuesday intern op 16th May Early"]
[Site "Chess.com INT"]
[Date "2023.05.16"]
[Round "2"]
[White "Richter, Paul"]
[Black "Averjanov, Alexey"]
[Result "1/2-1/2"]
[WhiteElo "2171"]
[BlackElo "2399"]
[PlyCount "52"]
[EventDate "2023.05.16"]
[EventType "swiss (blitz)"]
[EventRounds "11"]
[EventCountry "USA"]
[SourceTitle "CBM 214 Extra"]
[Source "ChessBase"]
[SourceDate "2023.07.31"]
[SourceVersion "1"]
[SourceVersionDate "2023.07.31"]
[SourceQuality "1"]

1. e4 c6 2. Nc3 d5 3. Nf3 Bg4 4. h3 Bxf3 5. Qxf3 e6 6. g3 dxe4 7. Nxe4 Nd7 8. Bg2 Ngf6 9. d3 Be7 10. 0-0 0-0 11. h4 Nxe4 12. dxe4 Qc7 13. Rd1 Rad8 14. Qe2 a5 15. c3 Bc5 16. Bf4 Qb6 17. Bd6 Bxd6 18. Rxd6 Ne5 19. Rad1 Qc7 20. R6d4 c5 21. Rxd8 Rxd8 22. f4 Nc6 23. e5 Rxd1+ 24. Qxd1 Qd8 25. Qxd8+ Nxd8 26. Kf2 Kf8 1/2-1/2

[Event "Titled Tuesday intern op 09th May Early"]
[Site "Chess.com INT"]
[Date "2023.05.09"]
[Round "10"]
[White "Averjanov, Alexey"]
[Black "Adhiban, Baskaran"]
[Result "1/2-1/2"]
[WhiteElo "2399"]
[BlackElo "2589"]
[PlyCount "92"]
[EventDate "2023.05.09"]
[EventType "swiss (blitz)"]
[EventRounds "11"]
[EventCountry "USA"]
[SourceTitle "CBM 214 Extra"]
[Source "ChessBase"]
[SourceDate "2023.07.31"]
[SourceVersion "1"]
[SourceVersionDate "2023.07.31"]
[SourceQuality "1"]

1. d4 e6 2. c4 c5 3. Nf3 cxd4 4. Nxd4 Nf6 5. g3 Bb4+ 6. Bd2 Bc5 7. Nb3 Bb6 8. Bg2 Nc6 9. 0-0 h5 10. h4 Ng4 11. c5 Bc7 12. Nc3 b6 13. Nb5 Be5 14. Nd6+ Bxd6 15. cxd6 Bb7 16. Bc3 0-0 17. Nd4 Rc8 18. Nb5 Na5 19. Nxa7 Bxg2 20. Nxc8 Qxc8 21. Kxg2 Qc6+ 22. Kg1 f6 23. Bxa5 bxa5 24. Rc1 Qb6 25. Rc7 Rf7 26. Qd2 a4 27. Kg2 f5 28. e3 Nf6 29. Qd4 Qb5 30. Rfc1 Ne4 31. R1c2 Kh7 32. f3 Nf6 33. Qc4 Qb8 34. Qc5 Nd5 35. Rc8 Qb7 36. Kf2 Qa6 37. Rd2 Nf6 38. Rb8 Ne4+ 39. fxe4 fxe4+ 40. Kg2 Qf1+ 41. Kh2 Rf2+ 42. Rxf2 Qxf2+ 43. Kh1 Qf1+ 44. Kh2 Qf2+ 45. Kh3 Qf1+ 46. Kh2 Qf2+ 1/2-1/2

[Event "Titled Tuesday intern op 09th May Early"]
[Site "Chess.com INT"]
[Date "2023.05.09"]
[Round "6"]
[White "Averjanov, Alexey"]
[Black "Garv, Gaur"]
[Result "1-0"]
[WhiteElo "2399"]
[BlackElo "2006"]
[PlyCount "149"]
[EventDate "2023.05.09"]
[EventType "swiss (blitz)"]
[EventRounds "11"]
[EventCountry "USA"]
[SourceTitle "CBM 214 Extra"]
[Source "ChessBase"]
[SourceDate "2023.07.31"]
[SourceVersion "1"]
[SourceVersionDate "2023.07.31"]
[SourceQuality "1"]

1. d4 Nf6 2. c4 e6 3. Nf3 b6 4. g3 Ba6 5. Nbd2 c5 6. Bg2 Bb7 7. 0-0 cxd4 8. Nxd4 Bxg2 9. Kxg2 d5 10. Qa4+ Nbd7 11. cxd5 Nxd5 12. Rd1 Bc5 13. Ne4 0-0 14. Nxc5 Nxc5 15. Qa3 Qf6 16. Qf3 Rac8 17. Qxf6 Nxf6 18. Bg5 Rfd8 19. Bxf6 gxf6 20. Rac1 a6 21. Kf3 Kf8 22. e3 Ke7 23. b4 Na4 24. a3 f5 25. h4 Kf6 26. Ne2 Rxc1 27. Rxd8 Ra1 28. Ra8 Rxa3 29. Rxa6 Ra2 30. Nc1 Rc2 31. Rxa4 Rxc1 32. Ra6 Rb1 33. Rxb6 Rb2 34. Rb7 h6 35. b5 Kg6 36. b6 Kf6 37. Rb8 Kg6 38. b7 Kg7 39. Kg2 Kf6 40. Kf1 h5 41. Ke1 Ke5 42. Kf1 Ke4 43. Kg2 Rb5 44. Rh8 Rxb7 45. Rxh5 Ke5 46. Kf3 Rb2 47. Rh6 Kd6 48. Rh8 Ke7 49. Rc8 Kf6 50. Rc7 Kg6 51. Rc6 Kg7 52. Rc4 Kg6 53. Kg2 Kf6 54. e4 fxe4 55. Rxe4 Kg6 56. Rf4 f6 57. Rg4+ Kh6 58. Re4 e5 59. Re3 Rb6 60. Kf3 Kg6 61. g4 Rb4 62. Kg3 Rf4 63. Ra3 Rc4 64. f3 Rc6 65. Ra5 Rb6 66. Rd5 Ra6 67. Rd7 Rb6 68. Re7 Ra6 69. Re8 Rb6 70. Rg8+ Kh7 71. Rf8 Kg6 72. Ra8 Rc6 73. h5+ Kh6 74. Rg8 Kh7 75. Rg6 1-0

[Event "Titled Tuesday intern op 09th May Early"]
[Site "Chess.com INT"]
[Date "2023.05.09"]
[Round "7"]
[White "Averjanov, Alexey"]
[Black "Quesada Perez, Yuniesky"]
[Result "1/2-1/2"]
[WhiteElo "2399"]
[BlackElo "2590"]
[PlyCount "105"]
[EventDate "2023.05.09"]
[EventType "swiss (blitz)"]
[EventRounds "11"]
[EventCountry "USA"]
[SourceTitle "CBM 214 Extra"]
[Source "ChessBase"]
[SourceDate "2023.07.31"]
[SourceVersion "1"]
[SourceVersionDate "2023.07.31"]
[SourceQuality "1"]

1. d4 d5 2. c4 c6 3. e3 Nf6 4. Bd3 e6 5. Nd2 Nbd7 6. Ngf3 Be7 7. 0-0 0-0 8. e4 dxe4 9. Nxe4 Nxe4 10. Bxe4 Nf6 11. Bc2 c5 12. b3 b6 13. Bb2 Bb7 14. Ne5 cxd4 15. Qxd4 Qxd4 16. Bxd4 Rfd8 17. Rfd1 Kf8 18. Kf1 Ba3 19. f3 h6 20. Ke2 Ke7 21. Bc3 Bc5 22. Rxd8 Rxd8 23. Rd1 Rxd1 24. Bxd1 g5 25. Bc2 Bd6 26. g3 h5 27. b4 g4 28. fxg4 Nxg4 29. Nxg4 hxg4 30. a3 f5 31. Ke3 Bc6 32. Bd4 e5 33. Bc3 f4+ 34. gxf4 exf4+ 35. Kf2 f3 36. Bf5 Bd7 37. Bxd7 Kxd7 38. h3 gxh3 39. Kxf3 Ke6 40. Bd4 Bc7 41. a4 Kf5 42. c5 bxc5 43. Bxc5 a6 44. b5 axb5 45. axb5 h2 46. Kg2 Ke4 47. b6 Bb8 48. Be7 Kd5 49. Bd8 Kc6 50. Kh1 Kb7 51. Bc7 Bxc7 52. bxc7 Kxc7 53. Kxh2 1/2-1/2

[Event "Titled Tuesday intern op 09th May Late"]
[Site "Chess.com INT"]
[Date "2023.05.09"]
[Round "1"]
[White "Shapiro, Daniel E"]
[Black "Averjanov, Alexey"]
[Result "0-1"]
[WhiteElo "2284"]
[BlackElo "2399"]
[PlyCount "86"]
[EventDate "2023.05.09"]
[EventType "swiss (blitz)"]
[EventRounds "11"]
[EventCountry "USA"]
[SourceTitle "CBM 214 Extra"]
[Source "ChessBase"]
[SourceDate "2023.07.31"]
[SourceVersion "1"]
[SourceVersionDate "2023.07.31"]
[SourceQuality "1"]

1. d4 d5 2. c4 dxc4 3. e4 Nf6 4. e5 Nd5 5. Bxc4 Nb6 6. Bd3 Nc6 7. Ne2 Nb4 8. Be4 N4d5 9. Nbc3 Be6 10. 0-0 c6 11. Be3 Qd7 12. Qc2 g6 13. Rad1 Bg7 14. Nf4 Nxf4 15. Bxf4 Nd5 16. Nxd5 Bxd5 17. Rfe1 0-0 18. a3 Bxe4 19. Qxe4 Rad8 20. Rd3 Qd5 21. Qxd5 Rxd5 22. Red1 Rfd8 23. R3d2 f6 24. exf6 exf6 25. Be3 Kf7 26. f3 f5 27. g3 c5 28. dxc5 Rxd2 29. Rxd2 Rxd2 30. Bxd2 Bxb2 31. Bb4 Ke6 32. Kf2 Kd5 33. Ke3 Bd4+ 34. Kf4 Bxc5 35. Kg5 Bxb4 36. axb4 b5 37. Kh6 a5 38. Kxh7 axb4 39. Kxg6 b3 40. h4 b2 41. h5 b1Q 42. h6 f4+ 43. Kg7 fxg3 0-1

[Event "Titled Tuesday intern op 09th May Late"]
[Site "Chess.com INT"]
[Date "2023.05.09"]
[Round "6"]
[White "Tifferet, Shaked"]
[Black "Averjanov, Alexey"]
[Result "0-1"]
[WhiteElo "2256"]
[BlackElo "2399"]
[PlyCount "62"]
[EventDate "2023.05.09"]
[EventType "swiss (blitz)"]
[EventRounds "11"]
[EventCountry "USA"]
[SourceTitle "CBM 214 Extra"]
[Source "ChessBase"]
[SourceDate "2023.07.31"]
[SourceVersion "1"]
[SourceVersionDate "2023.07.31"]
[SourceQuality "1"]

1. d4 d5 2. Bf4 Nf6 3. e3 e6 4. Nf3 c5 5. c3 Bd6 6. Bb5+ Nc6 7. Bg3 0-0 8. Nbd2 cxd4 9. exd4 Qc7 10. a4 a6 11. Bd3 e5 12. dxe5 Nxe5 13. Nxe5 Bxe5 14. 0-0 Bg4 15. Qc2 Bxg3 16. hxg3 Bh5 17. Nb3 Bg6 18. Bxg6 hxg6 19. a5 Rfe8 20. Rad1 Re5 21. Rfe1 Rae8 22. Rxe5 Qxe5 23. Qd2 Qe2 24. f3 Qe5 25. Nc5 Qxg3 26. Nxb7 Qc7 27. b4 Qxb7 28. Qd3 Qc6 29. Qd4 Re2 30. Rd3 Qd6 31. c4 Qg3 0-1

[Event "Titled Tuesday intern op 02nd May Late"]
[Site "Chess.com INT"]
[Date "2023.05.02"]
[Round "7"]
[White "Averjanov, Alexey"]
[Black "Karas, Marek"]
[Result "1-0"]
[WhiteElo "2399"]
[BlackElo "2227"]
[PlyCount "45"]
[EventDate "2023.05.02"]
[EventType "swiss (blitz)"]
[EventRounds "11"]
[EventCountry "USA"]
[SourceTitle "EXT 2024"]
[Source "ChessBase"]
[SourceDate "2023.10.10"]
[SourceVersion "1"]
[SourceVersionDate "2023.10.10"]
[SourceQuality "1"]

1. d4 Nf6 2. c4 c5 3. Nf3 cxd4 4. Nxd4 g6 5. Nc3 Bg7 6. g3 0-0 7. Bg2 Nc6 8. 0-0 d6 9. Nc2 Bd7 10. b3 Qc8 11. Bb2 Bh3 12. Rc1 Bxg2 13. Kxg2 Ne4 14. Ne3 Nxc3 15. Bxc3 Bxc3 16. Rxc3 Qe6 17. Nd5 Rac8 18. Qd2 Qe5 19. Re3 Qg5 20. f4 Qf5 21. Rxe7 Rfe8 22. e4 Qh5 23. Nf6+ 1-0

[Event "Titled Tuesday intern op 02nd May Late"]
[Site "Chess.com INT"]
[Date "2023.05.02"]
[Round "3"]
[White "Averjanov, Alexey"]
[Black "Marczuk, Dominik"]
[Result "1-0"]
[WhiteElo "2399"]
[BlackElo "2253"]
[PlyCount "101"]
[EventDate "2023.05.02"]
[EventType "swiss (blitz)"]
[EventRounds "11"]
[EventCountry "USA"]
[SourceTitle "EXT 2024"]
[Source "ChessBase"]
[SourceDate "2023.10.10"]
[SourceVersion "1"]
[SourceVersionDate "2023.10.10"]
[SourceQuality "1"]

1. d4 Nf6 2. c4 g6 3. Nc3 Bg7 4. e4 d6 5. Be2 0-0 6. Nf3 e5 7. 0-0 Nc6 8. d5 Ne7 9. Ne1 Nd7 10. Be3 f5 11. f3 f4 12. Bf2 g5 13. a4 Ng6 14. a5 Nf6 15. c5 h5 16. cxd6 cxd6 17. Nb5 g4 18. Bxa7 g3 19. Bb6 Qe7 20. Nc7 gxh2+ 21. Kxh2 Rb8 22. Rh1 h4 23. Kg1 Nh5 24. Rh2 Bd7 25. Rc1 Ng3 26. Ne6 Rfc8 27. Bc4 Bf6 28. Nd3 Nf8 29. Nb4 Nxe6 30. dxe6 Bxe6 31. Nd5 Bxd5 32. Qxd5+ Kg7 33. Kf2 Rc6 34. b3 Rbc8 35. Rd1 Qd7 36. Rd2 Qe7 37. Rd1 Qd7 38. Rd2 Qe7 39. Kg1 Qd7 40. Rh3 Qe7 41. Kf2 Qd7 42. Ke1 Qe7 43. Kd1 Qd7 44. Kc2 Rxc4+ 45. bxc4 Qa4+ 46. Kb1 Rxc4 47. Rb2 Ne2 48. Rxe2 Qb4+ 49. Rb2 Qe1+ 50. Ka2 Rb4 51. Rxb4 1-0

[Event "Titled Tuesday intern op 02nd May Early"]
[Site "Chess.com INT"]
[Date "2023.05.02"]
[Round "1"]
[White "Averjanov, Alexey"]
[Black "Vaglio Munoz, Jaime"]
[Result "1-0"]
[WhiteElo "2399"]
[BlackElo "2174"]
[PlyCount "107"]
[EventDate "2023.05.02"]
[EventType "swiss (blitz)"]
[EventRounds "11"]
[EventCountry "USA"]
[SourceTitle "EXT 2024"]
[Source "ChessBase"]
[SourceDate "2023.10.10"]
[SourceVersion "1"]
[SourceVersionDate "2023.10.10"]
[SourceQuality "1"]

1. d4 c6 2. c4 b5 3. cxb5 cxb5 4. e4 Bb7 5. Bd3 Nf6 6. Qe2 Nc6 7. Nf3 Nb4 8. Nbd2 Nxd3+ 9. Qxd3 a6 10. 0-0 e6 11. b3 Rc8 12. Bb2 Qa5 13. a4 Bb4 14. e5 Nd5 15. axb5 Qxb5 16. Nc4 Nf4 17. Qe3 Ng6 18. Ng5 0-0 19. Ne4 Qd5 20. f3 Qc6 21. Rfc1 Qc7 22. Ncd6 Qb8 23. Nxc8 Bxc8 24. Ba3 a5 25. Bxb4 axb4 26. Nd6 Ne7 27. Qd3 Nd5 28. Rc5 Bb7 29. Rb5 Qc7 30. Rxb7 Qc6 31. Qc4 Qxc4 32. bxc4 Ne3 33. Rxd7 h5 34. Rda7 Rb8 35. Ra8 Rxa8 36. Rxa8+ Kh7 37. Rb8 g5 38. Rxb4 g4 39. fxg4 hxg4 40. Nxf7 Kg6 41. Nd8 Kf5 42. c5 Nd5 43. Rb3 Kf4 44. c6 Ke4 45. Nxe6 g3 46. Rxg3 Nc7 47. Nxc7 Kxd4 48. e6 Ke5 49. e7 Kd6 50. e8Q Kxc7 51. Qd7+ Kb6 52. c7 Kc5 53. c8Q+ Kb4 54. Qdb7+ 1-0

[Event "Titled Tuesday intern op 02nd May Late"]
[Site "Chess.com INT"]
[Date "2023.05.02"]
[Round "6"]
[White "Haszon, David"]
[Black "Averjanov, Alexey"]
[Result "1-0"]
[WhiteElo "2264"]
[BlackElo "2399"]
[PlyCount "57"]
[EventDate "2023.05.02"]
[EventType "swiss (blitz)"]
[EventRounds "11"]
[EventCountry "USA"]
[SourceTitle "EXT 2024"]
[Source "ChessBase"]
[SourceDate "2023.10.10"]
[SourceVersion "1"]
[SourceVersionDate "2023.10.10"]
[SourceQuality "1"]

1. d4 d5 2. Bf4 Nf6 3. e3 e6 4. Nf3 c5 5. c3 Bd6 6. Bg3 Qc7 7. Nbd2 Nbd7 8. dxc5 Nxc5 9. Rc1 0-0 10. c4 Bxg3 11. hxg3 Qe7 12. cxd5 Nxd5 13. Qc2 h6 14. Qxc5 Qd8 15. e4 Nf6 16. Be2 b6 17. Qc7 Qe8 18. 0-0 Bd7 19. Rfd1 Qe7 20. Ne5 Rfc8 21. Qb7 Rcb8 22. Qa6 Be8 23. Qa3 Qd8 24. Nb3 Bd7 25. Nxd7 Nxd7 26. Bb5 Rb7 27. Bc6 Rab8 28. Bxb7 Rxb7 29. Qd6 1-0